Strongest Marvel Characters - Statistics

General Stats
  • This quiz has been taken 21 times
  • The average score is 6 of 15
Answer Stats
Hint Answer % Correct
A living planet with a mind of its own, whose ambition and ego stretch across the stars, shaping life and reality to reflect itself. Ego
75%
The supreme presence beyond all others, unseen and undefined, responsible for everything that exists across every reality. The One Above All
69%
He can control molecules at a multiversal scale. Molecule Man/Owen Reece
63%
An immortal observer who witnesses all events across the multiverse but is sworn never to interfere—yet knows every secret of every reality. The Watcher
56%
A mutant child whose imagination is literally reality itself, capable of creating and destroying entire universes with his mind. Franklin Richards
50%
A cold, perfect mind that conquered its universe, then fused machine logic with ultimate cosmic power to erase all life across realities. Infinity Ultron
44%
A sorcerer twisted by loss and obsession, who consumed forbidden power and versions of himself until his magic threatened entire realities. Sinister Strange
44%
The embodiment of all existence itself, appearing as the vast cosmos, where every universe, star, and moment is part of its being. Eternity
38%
A primordial god of darkness who existed before light and creation, forging living blades from shadow and commanding an endless hive of symbiotic beings. Knull
38%
A cosmic fire of immense power that can consume stars, possess hosts, and reshape reality itself, often amplifying its wielder beyond mortal limits. Phoenix Force
38%
A being from beyond the multiverse whose power defies reality itself, able to reshape worlds, destroy universes, and bend existence to its will. The Beyonder
31%
A cosmic judge with three faces, standing above gods and universes, whose purpose is to keep balance across every reality. The Living Tribunal
31%
A trickster who outgrew lies and mischief, gaining power by weaving and rewriting the stories that define gods, worlds, and fate itself. Loki God of Stories
25%
A fire giant whose flames are hot enough to scorch worlds, destined to bring about Ragnarok and consume all in a blazing apocalypse. Surtr
25%
The living embodiment of endless space, stretching beyond all boundaries, present wherever distance and possibility exist. Infinity
19%
No matching quizzes found
Score Distribution
Percent of People with Each Score
Percentile by Number Answered
Your Score History
You have not taken this quiz